| Tag |
First Indicator |
Second Indicator |
Subfields |
| LEADER |
00000cam a2200000 a 4500 |
| 001 |
in00001667006 |
| 005 |
20220106093302.0 |
| 008 |
020325s2002 dcuab f000 0 eng c |
| 020 |
|
|
|a 0160668476
|
| 035 |
|
|
|a (OCoLC)ocm49521253
|
| 040 |
|
|
|a GPO
|c GPO
|d DLC
|d MvI
|d UtOrBLW
|
| 042 |
|
|
|a pcc
|
| 043 |
|
|
|a n-us---
|
| 049 |
|
|
|a UDOC
|a WWW
|
| 074 |
|
|
|a 1028-A
|
| 074 |
|
|
|a 1028-A (online)
|
| 074 |
|
|
|a 1028-B (MF)
|
| 074 |
|
|
|a 1028-B (online)
|
| 086 |
0 |
|
|a Y 4.W 36:107-49
|
| 088 |
|
|
|a Serial no. 107-49 (United States. Congress. House. Committee on Ways and Means)
|
| 110 |
1 |
|
|a United States.
|b Congress.
|b House.
|b Committee on Ways and Means.
|b Subcommittee on Health.
|
| 245 |
1 |
0 |
|a Status of the Medicare+Choice Program :
|b hearing before the Subcommittee on Health of the Committee on Ways and Means, House of Representatives, One Hundred Seventh Congress, first session, December 4, 2001.
|
| 264 |
|
1 |
|a Washington :
|b U.S. G.P.O. :
|c 2002.
|
| 264 |
|
2 |
|a Washington :
|b For sale by the Supt. of Docs., U.S. G.P.O., [Congressional Sales Office],
|
| 300 |
|
|
|a iii, 82 pages :
|b illustrations, map ;
|c 24 cm.
|
| 336 |
|
|
|a text
|b txt
|2 rdacontent
|
| 337 |
|
|
|a unmediated
|b n
|2 rdamedia
|
| 338 |
|
|
|a volume
|b nc
|2 rdacarrier
|
| 500 |
|
|
|a Distributed to some depository libraries in microfiche.
|
| 500 |
|
|
|a "Serial number 107-49."
|
| 500 |
|
|
|a Shipping list number: 2002-0135-P.
|
| 500 |
|
|
|a Shipping List Date: 03/20/2002
|
| 530 |
|
|
|a Also available via Internet from the GPO Access web site. Addresses as of 4/4/02: http://frwebgate.access.gpo.gov/cgi-bin/getdoc.cgi?dbname=107h̲ouseh̲earings&docid=f:77455.wais (text version), http://frwebgate.access.gpo.gov/cgi-bin/getdoc.cgi?dbname=107h̲ouseh̲earings&docid=f:77455.pdf (PDF version); current access is available via PURLs.
|
| 610 |
2 |
0 |
|a Medicare+Choice Program (U.S.)
|
| 650 |
|
0 |
|a Older people
|x Medical care
|x Government policy
|z United States.
|
| 650 |
|
0 |
|a Medicare.
|
| 856 |
4 |
1 |
|3 Text version:
|u https://purl.fdlp.gov/GPO/LPS18498
|t 0
|
| 856 |
4 |
1 |
|3 PDF version:
|u https://purl.fdlp.gov/GPO/LPS18499
|z Adobe Acrobat Reader required
|t 0
|
| 999 |
|
|
|a MARS
|
| 999 |
f |
f |
|s bb9b4114-b3a0-3c54-947b-eb3076b919ac
|i 27dc5642-5ce1-318d-8fa6-1031713088d1
|t 0
|
| 952 |
f |
f |
|a Texas A&M University
|b College Station
|c Electronic Resources
|d Available Online
|t 0
|e Y 4.W 36:107-49
|h Superintendent of Documents classification
|
| 998 |
f |
f |
|a Y 4.W 36:107-49
|t 0
|l Available Online
|